<?xml version="1.0" encoding="UTF-8"?>
<collection xmlns="http://www.loc.gov/MARC21/slim">
 <record>
  <leader>01597oam2a2200277   4500</leader>
  <controlfield tag="001">in00000003898</controlfield>
  <controlfield tag="005">20230404131112.3</controlfield>
  <datafield tag="010" ind1=" " ind2=" ">
   <subfield code="a">978-7-5177-1132-2</subfield>
   <subfield code="d">CNY75.00</subfield>
  </datafield>
  <datafield tag="035" ind1=" " ind2=" ">
   <subfield code="a">010388201</subfield>
  </datafield>
  <datafield tag="100" ind1=" " ind2=" ">
   <subfield code="a">20210408d2020    em y0chiy0110    ea</subfield>
  </datafield>
  <datafield tag="101" ind1="0" ind2=" ">
   <subfield code="a">chi</subfield>
  </datafield>
  <datafield tag="102" ind1=" " ind2=" ">
   <subfield code="a">CN</subfield>
   <subfield code="b">110000</subfield>
  </datafield>
  <datafield tag="105" ind1=" " ind2=" ">
   <subfield code="a">ak  z   000yy</subfield>
  </datafield>
  <datafield tag="106" ind1=" " ind2=" ">
   <subfield code="a">r</subfield>
  </datafield>
  <datafield tag="200" ind1="1" ind2=" ">
   <subfield code="a">服务业：制度型开放促改革深化</subfield>
   <subfield code="9">fu wu ye ：zhi du xing kai fang cu gai ge shen hua</subfield>
   <subfield code="d">Service sector in China:in-depth reform through institutional opening-up</subfield>
   <subfield code="f">王微，刘涛等著</subfield>
   <subfield code="z">eng</subfield>
  </datafield>
  <datafield tag="210" ind1=" " ind2=" ">
   <subfield code="a">北京</subfield>
   <subfield code="c">中国发展出版社</subfield>
   <subfield code="d">2020</subfield>
  </datafield>
  <datafield tag="215" ind1=" " ind2=" ">
   <subfield code="a">284页</subfield>
   <subfield code="c">图</subfield>
   <subfield code="d">24cm</subfield>
  </datafield>
  <datafield tag="225" ind1="2" ind2=" ">
   <subfield code="a">国务院发展研究中心研究丛书</subfield>
  </datafield>
  <datafield tag="330" ind1=" " ind2=" ">
   <subfield code="a">本书系统梳理和总结了党的十八大以来我国以开放促进服务业改革和发展的经验、成效及主要问题，深度挖掘了OECD服务贸易限制指数及其背后的规制数据库，深入分析了我国不同类型服务行业开放的主要制度障碍，并通过国际对标对扩大服务业开放的政策措施进行了情景模拟，系统提出了未来一段时期以制度型开放促进我国服务业体制机制改革的基本思路、推进路径、关键措施及优先次序。</subfield>
  </datafield>
  <datafield tag="461" ind1=" " ind2="0">
   <subfield code="1">2001 </subfield>
   <subfield code="a">国务院发展研究中心研究丛书</subfield>
  </datafield>
  <datafield tag="510" ind1="1" ind2=" ">
   <subfield code="a">Service sector in China:in-depth reform through institutional opening-up</subfield>
   <subfield code="z">eng</subfield>
  </datafield>
  <datafield tag="606" ind1="0" ind2=" ">
   <subfield code="a">服务业</subfield>
   <subfield code="x">经济发展</subfield>
   <subfield code="x">研究</subfield>
   <subfield code="y">中国</subfield>
  </datafield>
  <datafield tag="690" ind1=" " ind2=" ">
   <subfield code="a">F726.9</subfield>
   <subfield code="v">5</subfield>
  </datafield>
  <datafield tag="701" ind1=" " ind2="0">
   <subfield code="a">王微</subfield>
   <subfield code="9">wang wei</subfield>
   <subfield code="4">著</subfield>
  </datafield>
  <datafield tag="701" ind1=" " ind2="0">
   <subfield code="a">刘涛</subfield>
   <subfield code="9">liu tao</subfield>
   <subfield code="4">著</subfield>
  </datafield>
  <datafield tag="999" ind1="f" ind2="f">
   <subfield code="s">cc411995-0fcf-4f8d-8657-6d4cb3aaddde</subfield>
   <subfield code="i">561d27a0-f540-4db0-8259-a278593e7161</subfield>
  </datafield>
 </record>
</collection>
